Statistiques concernant Culture Générale - Série 1143

Cliquez ici pour prendre le quiz!

Statistiques générales

  • Ce quiz a été pris 67 fois
  • Le résultat moyen est 8 sur 10

Statistiques - réponses

QuestionRéponse% Correct
Dans quel pays du Maghreb se situe la pittoresque ville de Tataouine ?Tunisie
97%
Quel synonyme familier de "moineau" est le nom de l'interprète de "La Vie en rose" en 1946 ?Piaf
95%
Selon le proverbe, quel oiseau ne fait pas le printemps ?hirondelle
92%
Quand on m'oublie, les mots "leçon" et "déçu" deviennent "lecon" et "décu". Qui suis-je ?cédille
92%
Quel mot désigne à la fois un oiseau de Nouvelle-Zélande et un fruit oblong riche en vitamine C ?kiwi
91%
Quel pâté d'aspect filandreux, qui peut être de porc, de canard ou d'oie est une spécialité du Mans ?rillettes
89%
De quel pays Asuncion est-elle la capitale ?Paraguay
77%
Quel sculpteur français a réalisé “La Porte de l'Enfer” en s'inspirant de “La Divine Comédie” de Dante ?Auguste Rodin
57%
Quel philosophe, est l'auteur de la pièce : "Huis clos" ?Jean-Paul Sartre
55%
A quel cinéaste italien, prénommé Bernardo, doit-on le film aux 9 oscars : "Le Dernier Empereur" ?Bernardo Bertolucci
32%

Distribution des résultats

Percentile par nombre de réponses

% des personnes avec chaque résultat

Votre développement - résultats

Vous n’avez pas pris ce quiz